LEADER 01258nam a2200265 i 4500 001 000000174936 003 CaOOAMICUS 005 20081116000000.0 008 081116s2008 it u000 u ita u 013 $a152413 020 $a978-88-8123-523-0 040 $aSeMil$bita 100 1 $aCaccia, Silvano <1954-2009>.$0(OLS)http://semarc/name/43584 245 13$aLe famiglie e i bambini verso Gesł :$bun itinerario per genitori a partire dal Catechismo dei Bambini della CEI "Lasciate che i bambini vengano a me" /$cSilvano Caccia. 260 $aMilano :$bIn Dialogo,$c2008. 300 $a214 p. :$bill. ;$c25 cm. 500 $aDono del card. Dionigi Tettamanzi. 650 4$aCatechesi [per] genitori.$0(OLS)http://semarc/subject/33360 850 $aSeMil 852 $aSeMil$W1$xVenegono$y1$m2C V 511$j125764$B125764$CSeMilBibl$Z2$F137256 $81 941 1 $a5 961 $aOmaggio: Tettamanzi Card. Dionigi 996 $6020$a978-88-8123-523-0$9(OLS)http://semarc/number/163007 996 $6245$aLe famiglie e i bambini verso Gesł :$bun itinerario per genitori a partire dal Catechismo dei Bambini della CEI "Lasciate che i bambini vengano a me"$9(OLS)http://semarc/title/250835 996 $6260$aMilano :$bIn Dialogo$9(OLS)http://semarc/publisher/31663 LEADER 00884nam a2200205 4500 001 000000351959 003 CaOOAMICUS 005 20221021091900.0 008 221021s1930 it 000 u ita r 040 $aSeMil$bita 100 1 $aBassi, Domenico,$d<1875-1940>.$0(OLS)http://semarc/name/25179 245 10$aPer la saggezza cristiana con sant'Agostino /$cP. D. Bassi. 264 1$aFirenze :$bLibreria Editrice Fiorentina,$c[1930] 300 $a338 p. ;$c19 cm 650 4$aAgostino, Aurelio - Pensiero teologico.$0(OLS)http://semarc/subject/3256 850 $aSeMil 852 $aSeMil$W1$xVenegono$y1$m2S I 263$j234916$B243138$CSeMilBibl$Z2$F243138 $81 996 $6245$aPer la saggezza cristiana con sant'Agostino$9(OLS)http://semarc/title/441753 996 $6264$aFirenze :$bLibreria Editrice Fiorentina$9(OLS)http://semarc/publisher/30629